00843nam a2200229 a 450000100060000000300090000600800410001504000280005608200150008410000400009924500330013925000060017226000580017830000160023659000900025265000300034265000150037265000320038794200120041999900170043195201650044812352CO-ViMGA141112s2004 ck r 000 u spa d aCO-ViMGAbspacCO-ViMGA04a575.1 W17b1 aWatson, James, Fiedler Peter91764210aBiología molecular del Gen a3 aBogotá : bFondo Educativo InterAméricano, c1976 a739p. : il. aForma de adquisición : DONACION - - Fecha de adquisición : MARIO ALBERTO VILLEGAS14aBIOLOGIA MOLECULAR95268214aGENética14aGENética MOLECULAR917643 2ddccBK c23362d23362 00102ddc40708003aMEVIECARbMEVIECARd2015-12-04hVolumen. 1 | 11/jun/2009l2m3o575.1 W17b p12352r2019-05-20 00:00:00s2018-03-03tEj. 1w2015-12-04yBK